000
00517nam a2200133Ia 4500
008
100328s9999 xx 000 0 und d
082
_b
18253
100
_a
गाडगिळ न.वि.
245
_a
श्री जपजी साहेब मराठी अनुवाद
260
_b
ट्रिबून
630
_a
श्री जपजी साहेब मराठी अनुवाद
730
_a
श्री जपजी साहेब मराठी अनुवाद
942
_c
BOOK
999
_c
512686
_d
512683